000 00482nam a2200181Ia 4500
005 20250317123523.0
008 008 250317s9999 xx 000 0 eng d
037 _aTextbook
040 _aFMSL
_beng
_cFMSL
041 _aeng
_2eng
084 _aB L2
_qFMSL
100 _aSzego G P
245 0 _aMath methods in investment & fice
260 _aLondon
_bLondon, North Holland
_c1972
300 _a665p
942 _cTB
_hB L2
999 _c1251603
_d1251603